| 000 | 00738nam a22002415a 4500 | ||
|---|---|---|---|
| 003 | OSt | ||
| 005 | 20180312155731.0 | ||
| 008 | 130205s2017 ua gr 000 f ara d | ||
| 017 | _a2012 / 10917 | ||
| 020 | _a9789770931349 | ||
| 040 |
_aEG-ScBUE _bara _cEG-ScBUE |
||
| 082 | 0 | 4 |
_a892.737 _bم ر ا _222 |
| 100 | 1 |
_aمراد، أحمد، _d1978- _932395 |
|
| 245 | 1 | 0 |
_aفيرتيجو / _cأحمد مراد. |
| 250 | _aط. 11. | ||
| 260 |
_aالقاهرة : _bدار الشروق، _c2017. |
||
| 300 |
_a432 ص. ؛ _c19 سم. |
||
| 541 |
_aالروائي أحمد مراد ؛ _cإهداء ؛ |
||
| 650 | 7 |
_aالقصص العربية _zمصر _yقرن 21. _2BUEsh |
|
| 651 | _2BUEsh | ||
| 653 |
_bARALIT _cMarch2018 |
||
| 942 | _2ddc | ||
| 999 |
_c26287 _d26259 |
||